| 000 | 00926nam a2200229Ia 4500 | ||
|---|---|---|---|
| 003 | GCL | ||
| 008 | 140319s9999 xx 000 0 ara d | ||
| 040 |
_aGCL / _cGCL |
||
| 082 | 0 | 4 |
_a212 _bم ف |
| 100 | 1 | _aماجد عرسان الكيلانى | |
| 245 | 1 | 0 |
_aفلسفة التربية الاسلامية : _bدراسة مقارنة بين فلسفة التربية الاسلامية والفلسفات التربوية المعاصرة / _cماجد عرسان الكيلانى |
| 250 | _aالثانية | ||
| 260 |
_aالامارات : _bدار القلم للنشر والتوزيع ، _c2002 |
||
| 300 |
_a503 ص ؛ _c24 سم |
||
| 490 |
_aسلسلة اصول التربية الاسلامية _v1 |
||
| 650 | 0 | 4 | _aالفلسفة الاسلامية |
| 650 | 0 | 4 | _aالاخلاق الاسلامية |
| 650 | 0 | 4 | _aالكون |
| 650 | 0 | 4 | _aالخلق |
| 650 | 0 | 4 | _aالتربية الاسلامية |
| 942 |
_2ddc _cBK |
||
| 999 |
_c5932 _d5932 |
||